| 000 | 00466nam a2200157Ia 4500 | ||
|---|---|---|---|
| 999 |
_c18571 _d18571 |
||
| 003 | OSt | ||
| 005 | 20200707103214.0 | ||
| 008 | 190216s9999||||xx |||||||||||||| ||und|| | ||
| 040 | _coclc | ||
| 082 |
_a973 _bFIS/A |
||
| 100 |
_aFisher, William J _93586 |
||
| 245 | 0 |
_aAmerican Literature Of The Nineteenth Century / _cWilliam J Fisher |
|
| 260 |
_bEurasia Pub-Ltd, _aNew Delhi: |
||
| 300 | _a546p | ||
| 942 |
_cBK _2ddc _h973 _iFIS/A _k973 _mFIS/A |
||